000 00278nam a22001217a 4500
008 170620b xxu||||| |||| 00| 0 eng d
041 _aeng
080 _a94
100 _a18
101 _aSHP
245 _aGREAT ISSUES IN WESTERN CIVILIZATION
_cTIERNEY.B
942 _2udc
_cBK
999 _c18267
_d18267